01017 a2200193 45000010006000000050017000060080041000230030015000640400040000790800050001192450046001690200018002152640033002333000019002665050402002850410008006871000033006958560095007284105320260407155704.0260407a2005 arg spa dAR-UNSa-BCEJYS aAR-UNSa-BCEJYSbspacAR-UNSa-BCEJYS a347.2xDerechos reales. Cosas. Bienes muebles10aSistema de derechos realespparte general a950-894-505-2 1aBuenos Aires :bAD-HOCc2005 a157 p.c20 cm. a1. El derecho de cosas - 2. El concepto de derecho real. La distinción entre los derechos reales y los personales - 3. La tipicidad de los derechos reales - 4. El contenido del derecho real - 5. La dínamica de los derechos reales (I): medios y requisitos para su adquisición - 6. La dinámica de los derechos reales (II): modificación y extinción de las relaciones jurídico-reales -  aspa1 aReina Tartiére, Gabriel de41uhttps://biblioeco.unsa.edu.ar/pmb/images/libros/L126345.jpgyImagen de portadaqimage/jpeg